| 000 | 00625nam a2200241Ia 4500 | ||
|---|---|---|---|
| 003 | OSt | ||
| 005 | 20220930190232.0 | ||
| 006 | a|||||r|||| 00| 0 | ||
| 007 | ta | ||
| 008 | 220926b |||||||| |||| 00| 0 mal d | ||
| 024 | _a57392 | ||
| 037 | _cTextbook | ||
| 040 |
_aCRL _cCRL _bmal |
||
| 041 |
_2mal _amal |
||
| 082 | _aO32,3NKS,4, J9 | ||
| 100 |
_aSukumaran K. Au. _9558663 |
||
| 245 | 0 | _aChunayulla pennu | |
| 260 | _c1959 | ||
| 650 |
_a MALAYALAM LITERATURE _938866 |
||
| 650 |
_aMALAYALAM FICTION _9183428 |
||
| 942 |
_hO32,3NKS,4, J9 _cTB _2CC |
||
| 999 |
_c891841 _d891841 |
||